Hồ sơ về Lục Châu học - Tìm hiểu con người ở vùng đất mới Dựa vào tài liệu văn, sử bằng Quốc ngữ ở miền Nam từ 1865 - 1930 :Sách tham khảo

Giới thiệu về lịch sử hình thành vùng đất, con nguời, đời sống văn hoá, xã hội, những sinh hoạt tôn giáo... của Nam Bộ từ những năm đầu thuộc Pháp đến năm 1930 dựa vào những tài liệu văn học, lịch sử bằng chữ Quốc ngữ ở miền Nam...

全面介紹

Đã lưu trong:
書目詳細資料
主要作者: Nguyễn, Văn Trung
格式: 圖書
語言:Undetermined
出版: Tp. Hồ Chí Minh Nxb. Trẻ 2015
主題:
在線閱讀:http://lrc.tdmu.edu.vn/opac/search/detail.asp?aID=2&ID=27298
標簽: 添加標簽
沒有標簽, 成為第一個標記此記錄!
Thư viện lưu trữ: Trung tâm Học liệu Trường Đại học Thủ Dầu Một
LEADER 01403nam a2200217Ia 4500
001 TDMU_27298
008 210410s9999 xx 000 0 und d
082 |a 808.00721 
090 |b NG527 
100 |a Nguyễn, Văn Trung 
245 0 |a Hồ sơ về Lục Châu học - Tìm hiểu con người ở vùng đất mới 
245 0 |b Dựa vào tài liệu văn, sử bằng Quốc ngữ ở miền Nam từ 1865 - 1930 :Sách tham khảo 
245 0 |c Nguyễn Văn Trung 
260 |a Tp. Hồ Chí Minh 
260 |b Nxb. Trẻ 
260 |c 2015 
300 |a 641tr. 
520 |a Giới thiệu về lịch sử hình thành vùng đất, con nguời, đời sống văn hoá, xã hội, những sinh hoạt tôn giáo... của Nam Bộ từ những năm đầu thuộc Pháp đến năm 1930 dựa vào những tài liệu văn học, lịch sử bằng chữ Quốc ngữ ở miền Nam từ 1865-1930 
650 |a Lịch sử  |x Đời sống xã hội và tập quán  |y 1865-1930  |z Miền Nam (Việt Nam); Đời sống xã hội và tập quán  |x Lịch sử  |y 1865-1930  |z Miền Nam (Việt Nam) 
856 |u http://lrc.tdmu.edu.vn/opac/search/detail.asp?aID=2&ID=27298 
980 |a Trung tâm Học liệu Trường Đại học Thủ Dầu Một